Herejes
Gorde:
| Egile nagusia: | |
|---|---|
| Formatua: | Liburua |
| Hizkuntza: | gaztelania |
| Argitaratua: |
Buenos Aires
Tusquets Editores
2013
|
| Edizioa: | 1a. ed |
| Saila: | Colección Andanzas, 813
|
| Gaiak: | |
| Etiketak: |
Etiketa erantsi
Etiketarik gabe, Izan zaitez lehena erregistro honi etiketa jartzen!
|
MARC
| LEADER | 00000cam a2200000 a 4500 | ||
|---|---|---|---|
| 001 | UCE9372 | ||
| 003 | CL-VaPUC | ||
| 008 | 151022e20130000ag |||||||||||||||||spa|d | ||
| 020 | |a 9789876701914 | ||
| 082 | 0 | 4 | |a Cu863 |b PAD |2 21 |
| 100 | |a Padura, Leonardo |e autor |9 582200 | ||
| 245 | 1 | 0 | |a Herejes |
| 250 | |a 1a. ed | ||
| 300 | |a 516 p | ||
| 942 | |c BK | ||
| 945 | |d 20151022 17:18:00 |a dcastane | ||
| 260 | |a Buenos Aires |b Tusquets Editores |c 2013 | ||
| 650 | 0 | |a Novelas cubanas |9 268276 | |
| 650 | 0 | |a Literatura cubana |9 315048 | |
| 583 | |a last modification |c 20151022 17:18:00 |k Rodrigo Vera | ||
| 490 | 0 | |a Colección Andanzas, 813 | |
| 999 | |c 361036 |d 361034 | ||